[Event "Teplice Open 2018"]
[Site "Teplice"]
[Date "2018.06.19"]
[Round "4"]
[White "Jarmula, Lukasz"]
[Black "Postny, Evgeny"]
[Result "1/2-1/2"]
[WhiteElo "2499"]
[BlackElo "2576"]
[Annotator "TA"]
[PlyCount "114"]
[EventDate "2018.06.16"]
[EventType "swiss"]
[EventCountry "CZE"]
[SourceTitle "playchess.com"]
[Source "ChessBase"]
[SourceQuality "1"]

{[%evp 23,114,11,30,29,36,31,53,47,57,23,72,87,81,47,86,61,65,40,43,34,27,0,-16,-32,37,27,32,-8,33,12,12,13,22,0,0,-12,-8,-12,-13,-41,-16,-11,-13,-73,-73,-75,-41,-41,-41,-85,-85,-85,-85,-85,-85,-85,-85,-176,-176,-184,-89,-107,-80,-98,-81,-86,-45,-43,-51,-77,0,0,0,0,0,0,0,0,0,0,0,0,0,0,0,0,0,0,0,0,0,0,0]} 1. e4 e5 2. Nf3 Nc6 3. Bb5 {[%cal Bf1b5,Bb5a4,Ba4b3][%mdl 32]} a6 4. Ba4 Nf6 5. O-O Be7 6. Re1 b5 7. Bb3 d6 8. c3 O-O 9. h3 Na5 10. Bc2 c5 11. d4 Qc7 12. d5 Bd7 13. b3 {[%cal Bb2b3,Bb3b4][%mdl 32] C97: Spanische Partie (Abweichungen vom Tschigorin-System/Panow-Variante)} Rfb8 (13... c4 14. b4 Nb7 15. a4 Rfb8 16. Be3 Nd8 17. Qe2 Ne8 18. Nbd2 f6 19. Ra3 {0-1 (59) Volokitin,A (2632)-Postny,E (2575) Berlin 2018}) 14. Be3 c4 15. b4 {Weiß steht etwas besser.} Nb7 16. Nh2 $146 ({Vorgänger:} 16. Nbd2 a5 17. a3 g6 18. Nf1 Nh5 19. N3h2 Ra6 20. Qf3 Rba8 21. Rac1 axb4 22. axb4 Qd8 23. Ng4 Bxg4 24. Qxg4 Ra3 25. Bb1 Qc8 26. Qxc8+ Rxc8 27. g3 {½-½ (27) Osipov,A (1811)-Bujdak,P (1840) LSS email 2009}) 16... Ne8 17. a4 Nd8 18. Na3 Bf8 19. Qe2 f6 20. Ra2 Nf7 21. Rea1 Qc8 22. h4 g6 23. h5 Bh6 (23... f5 $15) 24. hxg6 hxg6 25. Nb1 Kg7 26. Nd2 Bxe3 27. Qxe3 Nc7 28. axb5 axb5 29. Ra7 Rxa7 30. Rxa7 Ra8 31. Qb6 Rxa7 32. Qxa7 f5 33. f3 (33. g3 $11) 33... Ne8 $17 34. Nhf1 Nf6 35. Ne3 f4 36. Nef1 g5 37. Bd1 g4 38. fxg4 Bxg4 39. Bf3 Bd7 40. Kf2 {[#]} (40. Nb1 $17) 40... Qh8 $1 $19 41. Ke2 Kg6 (41... Qh1 $19 {bietet bessere Gewinnchancen.} 42. Kd1 Kf8) 42. Kd1 $17 Qd8 43. Kc2 Ng5 44. Kb2 Be8 45. Qg1 Qd7 46. Bd1 Kg7 ({Nur nicht} 46... Nfxe4 $2 47. Bc2 $18) ({Nicht} 46... Ngxe4 $2 47. Nxe4 Nxe4 48. Bc2 $18) (46... Kf7 $17 47. g3 Ngxe4 48. Nxe4 Nxe4) 47. g3 $1 $11 {[%cal Rg3f4] [#] Droht stark gxf4.Die Stellung ist ausgeglichen.} Bg6 ({Ein No Go ist} 47... Ngxe4 $6 48. Nxe4 Nxe4 49. gxf4+ Kf8 50. Qh1 $16) 48. gxf4 Nh3 49. Qb6 {Schwarz muss nun fxe5 beachten.} Nxf4 50. Bc2 Kf7 51. Ng3 N6h5 52. Ngf1 Nf6 53. Ng3 Ke7 54. Qb8 N6h5 55. Ngf1 Qe8 56. Qc7+ Qd7 57. Qb8 Qe8 {Precision: Weiß = 45%, Schwarz = 55%.} 1/2-1/2

[Event "Teplice Open 2018"]
[Site "Teplice"]
[Date "2018.06.19"]
[Round "4"]
[White "Saduakassova, Dinara"]
[Black "Krysa, Leandro"]
[Result "1/2-1/2"]
[WhiteElo "2491"]
[BlackElo "2529"]
[Annotator "TA"]
[PlyCount "60"]
[EventDate "2018.06.16"]
[EventType "swiss"]
[EventCountry "CZE"]
[SourceTitle "playchess.com"]
[Source "ChessBase"]
[SourceQuality "1"]

{[%evp 22,60,30,0,29,25,64,70,62,64,78,69,77,26,17,14,12,0,20,0,0,0,0,0,0,-16,-23,-22,-11,-10,0,-19,-7,-13,-1,-48,-29,-20,-11,-25,-23]} 1. e4 d6 2. d4 Nf6 3. Nc3 Nbd7 4. Nf3 e5 5. Bc4 Be7 6. a4 O-O 7. O-O c6 8. Re1 Qc7 9. Ba2 Re8 {C41: Philidor Defence} 10. h3 h6 11. Be3 Nf8 12. Nh4 {LiveBook: 4 Games} Be6 13. Bxe6 fxe6 14. dxe5 dxe5 {[#]} 15. Qe2 $146 ({Predecessor:} 15. Nf3 Bb4 16. Qd3 Qa5 17. Qc4 N8d7 {1-0 (59) Ni,H (2662)-Danielsen,H (2535) Helsingor 2011}) 15... Bb4 16. Qc4 Bxc3 17. Qxc3 ({Better is} 17. bxc3 $16 N8d7 18. Red1) 17... Nxe4 $11 18. Qb3 Nf6 19. Rad1 b6 20. Bc1 e4 21. Nf5 Rad8 22. Rxd8 Rxd8 23. Qg3 (23. Qc4 {is interesting.} c5 24. b3 Rd7 25. Ng3 Qe5 26. Kf1) 23... Qxg3 24. Nxg3 Rd4 25. b3 N8d7 26. Kf1 Kf7 27. Ke2 h5 28. Rd1 Rxd1 29. Kxd1 e5 30. Ke2 Ke6 {Precision: White = 47%, Black = 50%.} 1/2-1/2

[Event "Teplice Open 2018"]
[Site "Teplice"]
[Date "2018.06.19"]
[Round "4"]
[White "Von Bahr, Oskar"]
[Black "Romanov, Evgeny"]
[Result "0-1"]
[WhiteElo "2431"]
[BlackElo "2628"]
[Annotator "TA"]
[PlyCount "100"]
[EventDate "2018.06.16"]
[EventType "swiss"]
[EventCountry "CZE"]
[SourceTitle "playchess.com"]
[Source "ChessBase"]
[SourceQuality "1"]

{[%evp 17,99,9,16,20,33,27,29,-25,0,0,0,0,8,-25,12,-41,-26,-34,-25,-62,-69,-129,-117,-126,-110,-133,-131,-125,-67,-74,-66,-66,-66,-89,-90,-70,-72,-89,-78,-129,-143,-192,-134,-132,-119,-131,-123,-139,-84,-111,-118,-126,-127,-162,-142,-239,-239,-447,-411,-368,-172,-172,-172,-166,-172,-133,0,-30,-44,-34,0,-129,-144,-172,-179,-473,-174,-5264,-5264,-5202,-5202,-1860,-1731,-29999]} 1. Nf3 d5 2. g3 Nf6 3. Bg2 c6 4. O-O Bg4 5. d3 Nbd7 6. Qe1 e5 7. e4 dxe4 8. dxe4 Bd6 {A07: Réti Opening: New York and Capablanca Systems} 9. Nbd2 O-O {LiveBook: 3 Games} 10. Nc4 $146 ({Predecessor:} 10. h3 Bh5 11. Nc4 Bc7 12. a4 Re8 13. Nh4 Nc5 14. Nf5 Ne6 15. Be3 Nf4 16. f3 Nxg2 17. Kxg2 {1-0 (50) Kramnik,V (2801)-Vitiugov,N (2712) Paris/St Petersburg 2013}) 10... Bc7 {The position is equal.} 11. a4 Re8 12. b4 (12. Ne3 $142) 12... Be6 13. Qe2 b5 14. axb5 cxb5 15. Ncd2 a6 16. Ng5 (16. c4 $11) 16... Bg4 $36 {[%mdl 2048] White is under pressure.} 17. f3 Nb6 {White must now prevent ...Qd4+.} 18. Nb3 Bd7 19. Be3 (19. Nc5 $15) 19... Nc4 $1 $17 20. Bc5 Qc8 21. g4 h6 22. Nh3 Nh7 (22... Be6 $17 23. Nf2 Nd7) 23. Nf2 Ng5 24. Nd3 Ne6 25. Rfd1 Nxc5 26. Ndxc5 Bb6 27. Kh1 Re7 28. Nxd7 (28. Bf1 $142) 28... Rxd7 29. Rd3 Nb2 (29... Rxd3 $19 30. cxd3 Ne3) 30. Rxd7 Qxd7 31. Bf1 Qc6 32. Qd2 {With the idea Qd5.} Qf6 ({Black should try} 32... Rd8 33. Bd3 Na4) 33. Kg2 Rd8 34. Bd3 h5 {Strongly threatening ...hxg4.} 35. g5 {[#]} Qe6 $1 36. Rxa6 (36. Rb1 $17 {might work better.} Nc4 37. Qe1) 36... Nxd3 $19 37. cxd3 $2 (37. Rxb6 {only move.} Qxb6 38. cxd3) 37... Qxb3 38. Rxb6 Rxd3 $17 {[%mdl 4096] Endgame KQR-KQR} (38... Rc8 $142 39. Kg3 (39. Rxb5 $2 Rc2 $19) 39... Rc2) 39. Qe2 $19 Qc3 40. Rc6 ({Don't blunder} 40. Rxb5 $2 Rd2 $19) 40... Qd4 {Threatens to win with ...Rd2.} 41. Rc2 Rd1 (41... Kh7 $17 42. h3 Rd1) 42. Qf2 (42. Qxb5 $5 {[%cal Rb5e8]} g6 43. Kh3 $11) 42... Qxb4 43. Qc5 $1 {[%cal Rc5b4]} Qb3 44. Rf2 (44. Qc8+ $1 $11 Kh7 45. Rc7 Rd2+ 46. Kg3 h4+ 47. Kxh4 Qxf3 48. Qf5+ Qxf5 49. exf5) 44... b4 $17 45. Qxe5 {[#]} Qc4 $1 46. Rb2 $2 (46. Qb8+ {was called for.} Kh7 47. Qf4) 46... Kh7 $2 (46... Qc1 47. Kh3 Rg1) 47. Qb8 $2 (47. Kg3) 47... Qc1 $19 {( -> ...Rg1+)} 48. Qxb4 Qxg5+ 49. Kh3 Rd3 {[%cal Rd3f3]} 50. Rf2 Qg4# {Precision: White = 33%, Black = 61%.} 0-1

[Event "Teplice Open 2018"]
[Site "Teplice"]
[Date "2018.06.19"]
[Round "4"]
[White "Satyapragyan, Swayangsu"]
[Black "Peralta, Fernando"]
[Result "1/2-1/2"]
[WhiteElo "2395"]
[BlackElo "2567"]
[Annotator "TA"]
[PlyCount "60"]
[EventDate "2018.06.16"]
[EventType "swiss"]
[EventCountry "CZE"]
[SourceTitle "playchess.com"]
[Source "ChessBase"]
[SourceQuality "1"]

{[%evp 26,60,0,-7,4,-5,0,0,0,-29,0,0,0,0,0,0,0,0,0,0,0,0,0,0,0,0,0,0,0,-3,-3,-7,0,0,0,-7,0]} 1. Nf3 {RR} e6 2. c4 Nf6 3. g3 d5 4. Bg2 dxc4 5. Qa4+ Nbd7 {[%cal Bb8d7,Bd7e5,Be5c4][%mdl 32]} 6. Qxc4 c5 7. O-O b6 8. Nd4 Ne5 9. Nc6 Nxc4 10. Nxd8 Nd5 11. Nc3 Kxd8 12. Nxd5 {A13: Reti-Eröffnung} Bb7 13. Nc3 Bxg2 14. Kxg2 {LiveBook: 12 Partien} Na5 (14... Be7 15. Rd1 Bf6 16. d4 Ke7 17. dxc5 Bxc3 18. bxc3 bxc5 19. Kf3 {½-½ (19) Aronian,L (2785)-Cheparinov,I (2689) Doha 2016}) 15. b3 Nc6 16. Bb2 Be7 17. Rfd1 f6 18. e3 $146 {Die Stellung ist ausgeglichen.} ({Vorgänger:} 18. d4 cxd4 19. e3 Ke8 20. exd4 Nb4 21. d5 Nxd5 22. Nxd5 exd5 23. Rxd5 Rd8 24. Rad1 Kf7 25. Rxd8 {½-½ (25) Ufimtsev,A-Khlusevich,S USSR 1988 Corr Nr. 1 [RR]}) 18... Kd7 19. d4 cxd4 20. Nb5 Rhd8 21. Rac1 Rac8 22. Nxd4 Nxd4 23. Rxd4+ Ke8 24. Rxd8+ Rxd8 $11 {[%mdl 4096] Endspiel KTL-KTL} 25. Rc2 Rd1 26. Kf3 Kd7 27. Ke2 Rh1 28. Rd2+ Kc6 29. Rc2+ Kd7 30. Rd2+ Kc6 {Precision: Weiß = 76%, Schwarz = 60%.} 1/2-1/2

[Event "Teplice Open 2018"]
[Site "Teplice"]
[Date "2018.06.19"]
[Round "4"]
[White "Colijn, Stefan"]
[Black "Dastan, Muhammed Batuhan"]
[Result "0-1"]
[WhiteElo "2343"]
[BlackElo "2538"]
[Annotator "TA"]
[PlyCount "90"]
[EventDate "2018.06.16"]
[EventType "swiss"]
[EventCountry "CZE"]
[SourceTitle "playchess.com"]
[Source "ChessBase"]
[SourceQuality "1"]

{[%evp 17,90,-27,0,-21,-14,-22,-12,-9,32,22,22,-14,0,-57,-22,-67,0,-89,-85,-93,-83,-137,-133,-141,-127,-149,-137,-200,-201,-165,-82,-74,-93,-142,-138,-143,-130,-127,-105,-105,-103,-115,-100,-138,-133,-140,-134,-139,-130,-191,-165,-270,-272,-366,-376,-406,-405,-405,-371,-392,-384,-391,-384,-397,-380,-369,-372,-355,-340,-582,-532,-555,-539,-513,-503]} 1. d4 Nf6 2. Nf3 d6 3. g3 g6 4. Bg2 Bg7 5. O-O O-O 6. b3 c5 7. Bb2 cxd4 8. Nxd4 d5 {A49: 1 d4 Nf6 2 Nf3 g6 3 g3: Anti-King's Indian systems} 9. e3 (9. c4 e5 10. Nb5 a6 11. N5c3 d4 12. Nd5 Nc6 13. e4 b5 14. Ba3 Re8 15. Nd2 Be6 16. Rc1 Rc8 17. h3 {1-0 (39) Andreikin,D (2712)-Gupta,A (2610) chess.com INT 2018}) 9... Bg4 {LiveBook: 8 Games} (9... e5 $5 {[%cal Re5d4]} 10. Nf3 e4 $11) 10. Ne2 Nc6 {The position is equal.} 11. h3 Bf5 $146 ({Predecessor:} 11... Bd7 12. Na3 Qc8 13. Nf4 Rd8 14. g4 Be8 15. Qe2 h5 16. g5 {1-0 (39) Enders,P (2447)-Andre,G (2270) Germany 2017}) 12. Nbc3 Rc8 13. g4 Bd7 14. Rb1 e6 $1 15. e4 (15. Ng3 $11) 15... d4 16. Nb5 h5 ({Black should play} 16... e5 $15) 17. g5 (17. Nd6 $11 hxg4 18. Nxc8 gxh3 19. Bxh3 Qxc8 20. Nxd4) 17... Nxe4 $1 $17 18. h4 Qb6 19. Nxa7 (19. Bxe4 $142 Qxb5 20. Nxd4 Nxd4 21. Bxd4 Bxd4 22. Qxd4) 19... Nxa7 {[%cal Bc6a7,Ba7b5,Bb5d6][%mdl 32]} 20. Bxe4 {[%cal Rb2d4]} Bc6 21. Ng3 Nb5 22. Qf3 (22. Bd3 $17) 22... Nd6 $19 23. Bxc6 Qxc6 ({Much worse is} 23... bxc6 $6 24. a4 $11) (23... Rxc6 $19 {has better winning chances.} 24. Qd3 Rfc8) 24. Qxc6 $17 Rxc6 25. Ba3 Ra8 26. Bxd6 Rxd6 27. a4 Rc6 28. Rbc1 Rac8 29. Ne4 Kf8 30. Rfd1 Rxc2 31. Rxc2 Rxc2 {[%mdl 4096] Endgame KRB-KRN} 32. Kg2 Ke7 33. Kf3 (33. a5 $17 {might work better.}) 33... Kd7 34. Rd3 (34. a5 {was necessary.}) 34... Kc6 $19 35. Kf4 Kd5 36. Rd1 e5+ 37. Kf3 Bf8 38. Nf6+ Ke6 39. Ne4 Rb2 40. Rd3 Bb4 41. Kg2 Re2 42. Ng3 Re1 43. Rf3 $2 {[#]} (43. f4) 43... Be7 {Black is clearly winning.} 44. Rd3 f6 45. gxf6 Bxf6 {Precision: White = 33%, Black = 66%.} 0-1

[Event "Teplice Open 2018"]
[Site "Teplice"]
[Date "2018.06.19"]
[Round "4"]
[White "Halak, Miklos"]
[Black "Demchenko, Anton"]
[Result "0-1"]
[WhiteElo "2241"]
[BlackElo "2670"]
[Annotator "TA"]
[PlyCount "32"]
[EventDate "2018.06.16"]
[EventType "swiss"]
[EventCountry "CZE"]
[SourceTitle "playchess.com"]
[Source "ChessBase"]
[SourceQuality "1"]

{[%evp 13,14,19,35]} 1. e4 g6 2. d4 Bg7 3. Nf3 d6 4. Be2 Nf6 5. Nc3 O-O 6. h3 a6 7. a4 {B08: Pirc Defence: Classical System} Nc6 {[%mdl 32768] LiveBook: 23 Games. Loss on Time!?} {Predecessor:} 8. O-O $146 e5 9. dxe5 dxe5 10. b3 Re8 11. Qxd8 Rxd8 12. Bg5 Re8 13. Rad1 h6 14. Be3 Be6 15. Nd5 Bxd5 16. exd5 Nb4 {½-½ (62) Henriquez Villagra,C (2517)-Onischuk,V (2601) Doha 2016} 0-1

[Event "Teplice Open 2018"]
[Site "Teplice"]
[Date "2018.06.20"]
[Round "5"]
[White "Demchenko, Anton"]
[Black "Teclaf, Pawel"]
[Result "1-0"]
[WhiteElo "2670"]
[BlackElo "2384"]
[Annotator "TA"]
[PlyCount "81"]
[EventDate "2018.06.16"]
[EventType "swiss"]
[EventCountry "CZE"]
[SourceTitle "playchess.com"]
[Source "ChessBase"]
[SourceQuality "1"]

{[%evp 12,81,36,-2,37,0,21,24,55,55,63,58,47,46,66,56,67,66,75,70,81,83,79,85,103,90,90,90,90,90,90,90,97,90,90,90,90,81,106,66,72,66,75,72,70,38,53,0,0,0,17,24,18,12,79,66,68,0,0,0,0,0,0,0,70,66,164,160,134,127,525,508]} 1. e4 c6 2. Nc3 d5 3. Nf3 Bg4 4. h3 Bxf3 5. Qxf3 e6 6. Be2 Nd7 7. d3 {LiveBook: 31 Games} Qc7 {B11: Caro-Kann: Two Knights Variation} (7... g6 8. Qg3 Bg7 9. h4 Qb8 10. Bf4 Be5 11. Bxe5 Qxe5 12. f4 Qd4 13. h5 Ne7 14. O-O-O O-O-O 15. Kb1 {1-0 (46) Mamedov,R (2688)-Wojtaszek,R (2749) Tallinn 2016}) 8. Bd2 $146 ({Predecessor:} 8. O-O Ngf6 9. d4 dxe4 10. Nxe4 Nxe4 11. Qxe4 Nf6 12. Qf3 Be7 13. c3 O-O 14. Bd3 Rfd8 15. Bf4 {1-0 (70) Kazansky,G (2050)-Melnik,G (1971) Nalchik 2015}) 8... Bd6 9. d4 dxe4 {White has an edge.} 10. Nxe4 Ngf6 11. Nxd6+ Qxd6 12. Qf4 Qe7 13. O-O O-O 14. Rfe1 a5 15. a4 Rfd8 16. Rad1 Nb6 17. b3 Qd7 18. Qf3 Qd5 19. c4 Qxf3 20. Bxf3 Nc8 21. g4 Ne7 22. Bc3 Rd7 23. Kh2 Ne8 24. Bg2 Nc7 25. f4 b6 26. Rd3 Rad8 27. Rde3 Kf8 28. R1e2 Na6 29. c5 ({Better is} 29. Rf3 $14) 29... bxc5 $11 30. dxc5 Nxc5 31. Bxa5 Rb8 32. b4 Na6 (32... Ra7 $11) 33. Rb2 $36 {[%mdl 2048] White has some pressure.} Rd4 34. Re4 (34. Ra3 $1 $14) 34... Rxe4 35. Bxe4 Nc5 36. Bc2 Nd5 37. b5 {[%cal Bb4b5,Bb5b6,Bb6b7][%mdl 32]} Ra8 ({Black should play} 37... Ke7 $11) 38. Be1 $1 $14 Nxa4 (38... cxb5 $14 39. axb5 Ra3) 39. Bxa4 $18 Rxa4 40. b6 Ra8 $2 {[%mdl 8192] [#]} (40... Nxb6 $16 {is a better chance.} 41. Rxb6 Rxf4 42. Rxc6 Re4) 41. b7 {Precision: White = 71%, Black = 43%.} 1-0

[Event "Teplice Open 2018"]
[Site "Teplice"]
[Date "2018.06.20"]
[Round "5"]
[White "Romanov, Evgeny"]
[Black "Movsziszian, Karen"]
[Result "1-0"]
[WhiteElo "2628"]
[BlackElo "2527"]
[Annotator "TA"]
[PlyCount "55"]
[EventDate "2018.06.16"]
[EventType "swiss"]
[EventCountry "CZE"]
[SourceTitle "playchess.com"]
[Source "ChessBase"]
[SourceQuality "1"]

{[%evp 17,55,49,55,41,45,37,30,0,41,28,24,0,8,14,16,24,47,23,68,54,59,33,52,25,47,26,58,60,91,91,100,81,124,124,133,96,97,98,1706,1690]} 1. e4 d6 2. d4 Nf6 3. Bd3 e5 4. c3 Nc6 5. d5 Ne7 6. Ne2 g6 {B07: Pirc-Ufimzew-Verteidigung} (6... Ng6 7. h4 h5 8. Bg5 Be7 9. Nd2 Ng4 10. Bxe7 Qxe7 11. Nf3 Nf4 12. Nxf4 exf4 13. Qd2 Qf6 14. O-O-O {½-½ (59) Boruchovsky,A (2441)-Vaisser,A (2544) Jerusalem 2013}) 7. c4 Bg7 8. Nbc3 O-O 9. f3 Nd7 {LiveBook: 3 Partien} 10. Bg5 f6 $146 ({Vorgänger:} 10... Nc5 11. Bc2 f5 12. exf5 gxf5 13. O-O Nd7 {½-½ (42) Racz,Z (2250)-Toth,G (2070) Aggtelek 1995}) 11. Bd2 f5 12. exf5 gxf5 13. O-O c6 14. Ng3 cxd5 15. cxd5 Nc5 16. Bc2 a5 17. Nh5 Bh8 18. Be3 $36 {[%mdl 2048] [#] Schwarz muss nun Lxc5 beachten. Weiss hat Initiative.} b6 19. f4 Ng6 20. fxe5 Bxe5 {Mit der Idee ...f4.} 21. g3 Bd7 22. a4 Kh8 23. Qd2 Qc7 24. Rf2 Rae8 25. Raf1 Qc8 26. Bh6 Rf7 27. Nb5 Ne7 $2 {[%mdl 8192] [#]} (27... Bxb5 $16 28. axb5 Ne7) 28. Nxd6 $1 {[%mdl 512] Precision: Weiß = 55%, Schwarz = 41%.} 1-0

[Event "Teplice Open 2018"]
[Site "Teplice"]
[Date "2018.06.20"]
[Round "5"]
[White "Postny, Evgeny"]
[Black "Saduakassova, Dinara"]
[Result "1-0"]
[WhiteElo "2576"]
[BlackElo "2491"]
[Annotator "TA"]
[PlyCount "195"]
[EventDate "2018.06.16"]
[EventType "swiss"]
[EventCountry "CZE"]
[SourceTitle "playchess.com"]
[Source "ChessBase"]
[SourceQuality "1"]

{[%evp 13,195,8,9,12,9,3,19,13,33,12,36,19,17,21,35,21,29,18,25,33,21,17,28,24,45,28,36,28,38,20,34,41,47,49,48,18,20,0,0,0,4,0,0,0,25,10,18,0,0,2,6,0,15,0,8,0,0,0,0,0,0,7,0,0,10,8,8,8,8,8,8,0,0,0,0,0,7,0,0,0,0,0,78,75,77,80,77,77,77,80,86,85,138,101,138,133,455,87,89,89,101,80,101,80,80,0,0,0,0,0,0,0,0,0,0,0,0,0,0,0,0,0,0,0,474,449,449,237,449,449,427,406,398,0,1881,0,0,0,0,0,0,0,29981,29981,12789,0,7575,7587,7572,7572,7433,7369,7532,0,0,0,3041,0,0,0,0,0,0,1502,1285,0,1177,0,0,0,0,0,0,0,0,0,0,0,0,0,0,0,29988,29989]} 1. Nf3 e6 2. g3 b5 3. Bg2 Bb7 4. O-O Nf6 5. b3 c5 6. c4 b4 7. Bb2 Be7 {LiveBook: 14 Games. A05: Réti Opening: 1 Nf3 Nf6} (7... a5 8. d4 cxd4 9. Nxd4 Bxg2 10. Kxg2 Be7 11. e4 Nxe4 12. Qf3 d5 13. Re1 O-O 14. cxd5 exd5 15. Qg4 {0-1 (44) Pantsulaia,L (2607)-Ivanchuk,V (2747) Doha 2016}) 8. e3 O-O 9. d4 d5 {The position is equal.} 10. Nbd2 $146 ({Predecessor:} 10. dxc5 Bxc5 11. Nbd2 Nbd7 12. Rc1 Rc8 13. Qc2 Qb6 14. Qb1 Rfd8 15. h3 {½-½ (57) Chistiakova,T (2085)-Timurova,L (2192) Kazan 2001}) 10... Nbd7 {[%cal Bb8d7,Bd7c5,Bc5e4][%mdl 32]} 11. Qe2 Rc8 12. Rfd1 Qc7 13. Rac1 Qb8 14. dxc5 Nxc5 15. Ne5 Rfd8 16. cxd5 Bxd5 17. Bxd5 Rxd5 18. Ndc4 Nce4 19. f3 Nd6 20. e4 Rxd1+ 21. Rxd1 Nxc4 22. Nxc4 a5 23. Kg2 Qb5 24. Bxf6 Bxf6 25. Qd3 h5 26. Qd7 Qb8 27. Rd6 (27. Qa4 {feels hotter.} Rc5 28. Rd2 h4 29. Qd7 Rc7 30. Qd6) 27... Rd8 28. Qc6 Rxd6 29. Qxd6 Qc8 30. Kf2 h4 31. Kg2 hxg3 32. hxg3 Bd8 33. f4 Bc7 34. Qd4 Qa8 35. Kf3 a4 36. Qd7 axb3 37. axb3 Qb8 38. Ke2 g5 39. fxg5 Bxg3 40. g6 fxg6 41. Qxe6+ Kg7 42. e5 Qa8 43. Qd7+ Kg8 44. Qe6+ Kg7 $132 {[%mdl 2048] Black is not keeping still} 45. Qd7+ Kg8 46. Nd2 Qg2+ 47. Kd3 Be1 (47... Bh4 $11 {keeps the balance.}) 48. Qe6+ $16 Kh7 49. Qf7+ Kh6 50. Ne4 Qh3+ 51. Kc4 {Qf4+ would kill now.} Qc8+ 52. Nc5 $1 Qg4+ (52... Bh4 $142) 53. Kd5 $1 Qd1+ 54. Kc6 Bg3 $2 {[%mdl 8192]} (54... Qd8 $16 55. e6 Bh4) 55. e6 $2 (55. Qf8+ $1 $18 {and the rest is easy.} Kh7 56. e6 Qh1+ 57. Kb6) 55... Qd6+ 56. Kb5 Bh4 57. Qd7 Qb8+ 58. Ka4 {Black must now prevent e7.} Qf8 59. Kxb4 (59. Nb7 $16) 59... Be7 $1 $11 {[%cal Re7c5]} 60. Qd5 Qc8 61. Kb5 Bxc5 62. Qc4 Kg7 63. b4 g5 64. bxc5 {[%mdl 4096] Endgame KQ-KQ} Qb7+ 65. Ka5 Qa7+ 66. Kb4 Kf6 67. c6 {Hoping for c7.} Qb6+ 68. Ka4 {Strongly threatening c7.} Qa7+ $2 {[%mdl 8192]} (68... g4 $1 $11) 69. Kb5 $18 Qb8+ 70. Kc5 {Qd4+ is the strong threat.} Qf8+ $2 (70... Qa7+ 71. Kd5 Qa5+ 72. Qc5 Qa2+ 73. Kd6 Qxe6+ 74. Kc7 Qa2 75. Qf8+ Ke5 76. Qd6+ Kf5 77. Qd3+ Kf6) 71. Kd5 Qd8+ 72. Ke4 Qc7 73. Qd5 $2 (73. Qc5 $18 {White threatens Qf5+ and mate.} Qf4+ 74. Kd5 Qe5+ 75. Kc4 Qxe6+ 76. Kb5 Qb3+ 77. Ka6 Qa2+ 78. Kb7 Qb3+ 79. Qb6) 73... Qf4+ $11 74. Kd3 {Threatens to win with Qd7.} g4 $1 75. Qd8+ Kxe6 76. Qd7+ Kf6 $1 77. c7 Qf3+ $2 {[%mdl 8192]} (77... Qf1+ $11 78. Kc3 Qc1+ 79. Kb4 Qb2+ 80. Ka5 Qc3+ 81. Kb6 Qe3+ 82. Ka6 Qa3+ 83. Kb7 Qb3+ 84. Kc8 g3) 78. Kc4 Qe2+ 79. Kc5 $2 (79. Qd3 $18 Qa2+ 80. Kb5) 79... Qc2+ $2 {[%mdl 8192]} (79... Qe5+ $11 80. Kc4 Qe2+ 81. Qd3 Qa2+ 82. Kb5 Qb2+ 83. Kc6 Qc1+ 84. Kd7 Kg5) 80. Kb6 $18 Qf2+ 81. Kb7 Qb2+ 82. Kc8 $1 {[%cal Rc8d8]} g3 83. Qd6+ $2 (83. Kd8 $1 $18 Qb6 84. Qd5) 83... Kf7 $11 84. Qxg3 $2 {[%mdl 8192]} (84. Qd5+ $11 Ke7 85. Qd7+ Kf8 86. Qd6+ Kf7 87. Qd5+ Ke7 88. Qd8+ Kf7 89. Qd7+ Kf8 90. Qd6+ Kf7) 84... Qh8+ $1 $18 85. Kb7 $2 ({White has to play} 85. Kd7 $1 $18 Qe8+ 86. Kd6 Qe6+ 87. Kc5 Qf5+ 88. Kb4 Qe4+ 89. Kc3 Qc6+ 90. Kd2 Qd7+ 91. Ke2 Qb5+ 92. Kf2 Qb6+ 93. Kg2) 85... Qb2+ $11 86. Kc6 {Intending Qf4+ and mate.} Qc2+ $1 87. Kb5 $2 {[%mdl 8192]} (87. Kd5 $11 Qa2+ 88. Kd6 Qa6+ 89. Ke5) 87... Qb1+ $18 88. Kc4 Qe4+ {[#]} 89. Kc3 $1 Qc6+ {[#]} 90. Kb2 $2 (90. Kd2 $1 $18) 90... Qf6+ 91. Qc3 {White wants to mate with Qxf6+.} Qf2+ 92. Kb1 Qb6+ 93. Ka2 Qa7+ 94. Kb3 Qb7+ 95. Ka4 Qa6+ 96. Qa5 Qc6+ 97. Kb3 {Threatening mate with Qf5+.} Ke7 $2 {[%mdl 8192]} (97... Ke8 $11) 98. Qg5+ {Precision: White = 56%, Black = 65%.} 1-0

[Event "Teplice Open 2018"]
[Site "Teplice"]
[Date "2018.06.20"]
[Round "5"]
[White "Peralta, Fernando"]
[Black "Walkusz, Witoslaw"]
[Result "1-0"]
[WhiteElo "2567"]
[BlackElo "2161"]
[Annotator "TA"]
[PlyCount "54"]
[EventDate "2018.06.16"]
[EventType "swiss"]
[EventCountry "CZE"]
[SourceTitle "playchess.com"]
[Source "ChessBase"]
[SourceQuality "1"]

{[%evp 22,54,135,138,164,194,186,176,168,147,144,148,273,214,289,246,290,274,293,280,341,307,366,381,532,519,594,593,636,585,719,715,708,704,737]} 1. d4 Nf6 2. c4 e6 3. Nc3 d5 4. cxd5 exd5 5. Bg5 Bb4 6. e3 Nbd7 7. Bd3 O-O 8. Nge2 h6 9. Bh4 c5 10. O-O c4 11. Bc2 Qa5 {D51: Damengambit (Cambridge-Springs-Variante und Abweichungen)} (11... Nb6 12. f3 Be7 13. Bf2 Ne8 14. h3 Bh4 15. Qe1 Bxf2+ 16. Qxf2 Nc7 17. g4 a5 18. Ng3 Ra6 19. Rad1 {1-0 (37) Matlakov,M (2665)-Rzayev,B (2429) Kazan 2013}) 12. f3 {[%cal Bf2f3,Bf3e4][%mdl 32] LiveBook: 4 Partien} Re8 {[#]} 13. e4 $1 dxe4 {Weiß steht deutlich besser.} 14. fxe4 Qh5 15. Bg3 Nb6 16. a3 $146 ({Vorgänger:} 16. e5 Nfd5 17. Qd2 Be6 18. Be4 Rad8 19. Rac1 {0-1 (49) Ribeiro,A (1908)-Ueti,S (2108) Sao Bernardo do Campo 2014}) 16... Bf8 (16... Ba5 $16) 17. Qd2 Rd8 18. Bc7 Bd6 19. Nf4 ({Schwächer ist} 19. Bxd8 Qxh2+ 20. Kf2 Qh4+ 21. g3 Ng4+ 22. Ke1 Qxd8 $16) 19... Bxf4 20. Bxf4 ({Jedoch nicht} 20. Rxf4 Rd7 $18) 20... Ne8 21. d5 f6 22. Rae1 {[%cal Ba1e1,Be1e3,Be3g3][%mdl 32]} Be6 23. Re3 {Weiß steht klar auf Gewinn.} g5 24. Rg3 Ng7 25. Bc7 Rd7 26. Bxb6 axb6 27. Rxf6 Rf8 {Precision: Weiß = 71%, Schwarz = 24%.} 1-0